<Das> Pfandbriefdarlehen.

Podstata pôžičiek záložných listov a ich právna úprava. Dejiny pôžičiek záložných listov. Vývoj od záložných listov ku záložnému listu hypotečnej banky. Záložný list ako platobný prostriedok. Vyplatenie pôžičky záložných listov. Hotovostné pôžičky. Rôzne spôsoby umorovania pôžičiek.

Gespeichert in:
Bibliographische Detailangaben
1. Verfasser: Focken, E.
Format: Buchkapitel
Sprache:Deutsch
Schlagworte:
Tags: Tag hinzufügen
Keine Tags, Fügen Sie das erste Tag hinzu!

MARC

LEADER 00000naa a2200000 4500
001 r010881
005 20221130113435.2
041 0 |a ger 
044 |a DE 
245 1 0 |a <Das> Pfandbriefdarlehen.  |c E. Focken 
520 |a Podstata pôžičiek záložných listov a ich právna úprava. Dejiny pôžičiek záložných listov. Vývoj od záložných listov ku záložnému listu hypotečnej banky. Záložný list ako platobný prostriedok. Vyplatenie pôžičky záložných listov. Hotovostné pôžičky. Rôzne spôsoby umorovania pôžičiek. 
610 2 0 |a pôžičky 
610 2 0 |a úver 
610 2 0 |a banky 
610 2 0 |a Nemecko 
610 2 0 |a predpisy právne 
610 2 0 |a operácie bankové 
100 1 |a Focken, E.